Đa dạng hóa hình thức tổ chức dạy học môn Ngữ văn nhằm gây hứng thú học tập cho học sinh Trung học phổ thông
Nội dung, phương pháp dạy học và các hình thức tổ chức dạy học môn Ngữ văn trong nhà trường THPT. các biện pháp nhằm đa dạng hóa hình thức tổ chức dạy học môn Ngữ văn nhằm gây hứng thú học tập cho học sinh Trung học phổ thông
Guardado en:
| Autor principal: | |
|---|---|
| Otros Autores: | |
| Formato: | Libro |
| Lenguaje: | Vietnamese |
| Publicado: |
Đà Nẵng
Đại học Sư phạm, Đại học Đà Nẵng
2012
|
| Materias: | |
| Etiquetas: |
Agregar Etiqueta
Sin Etiquetas, Sea el primero en etiquetar este registro!
|
| Thư viện lưu trữ: | Mạng thư viện Đại học Đà Nẵng |
|---|
| LEADER | 01874nam a2200349 4500 | ||
|---|---|---|---|
| 001 | 000017070 | ||
| 003 | 13481 | ||
| 005 | 20130228100236.0 | ||
| 008 | 130228s2012 viesd | ||
| 041 | 0 | |a vie | |
| 082 | |a 807 |b NG-T | ||
| 100 | 1 | |a Nguyễn Duy Tình | |
| 245 | |a Đa dạng hóa hình thức tổ chức dạy học môn Ngữ văn nhằm gây hứng thú học tập cho học sinh Trung học phổ thông |c Nguyễn Duy Tình ; Nguyễn Đăng Châu hướng dẫn |k Khóa luận tốt nghiệp | ||
| 260 | |a Đà Nẵng |b Đại học Sư phạm, Đại học Đà Nẵng |c 2012 | ||
| 300 | |a 77 tr. |c 29 cm. |e Đĩa CD, bản tóm tắt | ||
| 500 | |a Khóa luận tốt nghiệp đại học. Chuyên ngành: Sư phạm Ngữ văn | ||
| 504 | |a Mục lục đầu trang, tài liệu tham khảo tr. 73 - 74, phụ lục [13 tr.] | ||
| 520 | |a Nội dung, phương pháp dạy học và các hình thức tổ chức dạy học môn Ngữ văn trong nhà trường THPT. các biện pháp nhằm đa dạng hóa hình thức tổ chức dạy học môn Ngữ văn nhằm gây hứng thú học tập cho học sinh Trung học phổ thông | ||
| 600 | 1 | 4 | |b Vua |c Đinh Tiên Hoàng |
| 650 | 0 | 4 | |a Giáo dục THPT |v Khóa luận tốt nghiệp |x Tổ chức dạy học |z Việt Nam |
| 653 | |a Khoa Ngữ văn |a Tổ chức dạy học | ||
| 700 | |a Nguyễn Đăng Châu |e Hướng dẫn | ||
| OWN | |a LSP | ||
| AVA | |a UDN50 |b LSP |d 807 NG-T |e available |t Error 5001 Not defined in file expand_doc_bib_avail. |f 1 |g 0 |h N |i 0 |k 1 | ||
| 999 | |a From the UDN01 | ||
| AVA | |a UDN50 |b LSP |d 807 NG-T |e available |t Error 5001 Not defined in file expand_doc_bib_avail. |f 1 |g 0 |h N |i 0 |k 1 | ||
| TYP | |a Monograph | ||
| TYP | |a Printed language | ||
| 980 | |a Mạng thư viện Đại học Đà Nẵng | ||